Utopianism
Saved in:
| Main Author: | |
|---|---|
| Format: | Book |
| Language: | English |
| Published: |
Buckingham :
Open University Press,
c1991
|
| Series: | Concepts in the social sciences
|
| Subjects: | |
| Tags: |
Add Tag
No Tags, Be the first to tag this record!
|
MARC
| LEADER | 00000nam a2200000 i 4500 | ||
|---|---|---|---|
| 001 | 1/76387 | ||
| 008 | 971127s1991 eng d | ||
| 020 | |a 0-335-15361-5 | ||
| 035 | |a 1991 |b 2 |c Σκούρτου |l 10032389 | ||
| 040 | |a GR-MY-UA |b gre |e aacr | ||
| 041 | 0 | |a eng | |
| 082 | 0 | |a 335.0209 | |
| 100 | 1 | |a Kumar, Krishan. | |
| 245 | 1 | 0 | |a Utopianism / |c Krishan Kumar |
| 260 | |a Buckingham : |b Open University Press, |c c1991 | ||
| 300 | |a 136 p. | ||
| 490 | 1 | |a Concepts in the social sciences | |
| 650 | 0 | 0 | |a Utopias |x History. |
| 830 | 0 | |a Concepts in the social sciences | |
| 852 | |a INST |b RHODES |e 19971127 |h 335.0209 KUM |p 005400008057 |q 005400008057 |t BK |y 0 | ||
| 901 | |a BIBL-1997-2 | ||
| 909 | |a Ρ |b 020818 |c 1991 | ||